Coupes du Monde de Football: Honduras - Statistiques

Statistiques générales
  • Ce quiz a été pris 79 fois
  • Le résultat moyen est 5 sur 7
Statistiques - réponses
Réponse % Correct
France
98%
Suisse
86%
Equateur
73%
Espagne
73%
Chili
59%
Yougoslavie
52%
Irlande du Nord
38%
Aucun quiz correspondant
Distribution des résultats
% des personnes avec chaque résultat
Percentile par nombre de réponses
Votre historique - résultats
Vous n’avez pas pris ce quiz